000 00503nam a2200181 a 4500
001 28898
005 20180713231848.0
008 140415s2002 mx 000 0 spa d
020 _a2394400X
041 _aspa
082 _a900.29
_bHEU
100 1 _aGOLO MANN, ALFRED HEUSS
245 1 0 _aHISTORIA UNIVERSAL PREHISTORIA LAS PRIMERAS CULTURAS 1
250 _a1a ed.
260 _aMEXICO :
_bESPASA CALPE,
_c2002, 1987
300 _a366
_c14 x 2 x 16
650 1 4 _aHISTORIA UNIVERSAL
999 _c28898
_d28898